Представление документа в формате MARC21

Поле Инд. ПП Название Значение
Тип записи a
Библиографический уровень b
001 Контрольный номер UNIDUBNA4890f801e52d4f7aaf4a3324eded9d07
005 Дата корректировки 20250604134336.7
008 Кодируемые данные 20170331
040 b Код языка каталог. rus
e Правила каталог. PSBO
041 0_ a Код языка текста rus
084 a Индекс другой классификации/Индекс ББК 60.99; 88.41; 88.92
100 1_ a Автор Алексеева В.
245 10 a Заглавие Квест-игра "Маршрут доверия". Опыт использования информационно-просветительских материалов по продвижению общероссийского детского телефона доверия
504 a Библиография Лит. : с. 69
520 0_ a Аннотация Общероссийский детский телефон доверия работает как услуга экстренной психологической помощи, специалисты которой консультируют по вопросам взаимоотношений со сверстниками, конфликтов, проблем с учебой, суицидальных настроений и другим проблемам для защиты и поддержки детства. Квест-игра "Маршрут доверия" популяризирует детский телефон доверия (ДТД), обозначает ситуации, в которых следует обращаться к ДТД, и мотивирует детей, находящихся в трудной жизненной ситуации, обращаться к ДТД.
650 14 a Основная рубрика возрастная психология
a Основная рубрика детская психология
a Основная рубрика практическая психология (прикладная психология)
a Основная рубрика психологическое консультирование
a Основная рубрика психология
a Основная рубрика социальная работа
653 0_ a Ключевые слова анонимное консультирование
a Ключевые слова анонимные звонки
a Ключевые слова безопасность детей
a Ключевые слова защита детства
a Ключевые слова информационно-просветительская деятельность
a Ключевые слова квест-игра
a Ключевые слова квесты
a Ключевые слова комплексная реабилитация
a Ключевые слова конфиденциальность
a Ключевые слова коррекционно-реабилитационная работа
a Ключевые слова несовершеннолетние
a Ключевые слова Общероссийский детский телефон доверия
a Ключевые слова психолого-педагогическая помощь
a Ключевые слова психосоциальная реабилитация
a Ключевые слова психотерапевтические методы
a Ключевые слова реабилитационные центры
a Ключевые слова семья
a Ключевые слова трудная жизненная ситуация
a Ключевые слова центры социального обслуживания
a Ключевые слова экстренная помощь
a Ключевые слова экстренная психологическая помощь
773 08 t Заглавие источника Работник социальной службы
d Дата издания источника 2023
g Прочая информация № 6. - С. 66 - 69
w Контрольный № источника UNIDUBNA80fdad96125a4f3d9570f2d64f3d3f56
901 t Тип документа b